000
00314nam a22001337a 4500
008
170526b xxu||||| |||| 00| 0 eng d
020
_a
0427273204
041
_a
eng
080
_a
62
100
_a
27
101
_a
IM
245
_a
SOFTWARE ENGINEERING METHODS AND MANAGEMENT
_c
RASITI.V.R
942
_2
udc
_c
BK
999
_c
14503
_d
14503